Formy vyvlastnenia investícií v doterajšej medzinárodnej aplikačnej praxi s osobitným zameraním na nepriame vyvlastnenie a štátne zásahy regulačného charakteru

Teoretické aspekty vyvlastnenia medzinárodných investícií a jeho atribúty. Trendy vývoja foriem vyvlastnenia v súčasnej medzinárodnej praxi, osobitne, rozlišovanie nepriameho vyvlastnenia a štátnych regulačných zásahov.

Na minha lista:
Detalhes bibliográficos
Autor principal: Budjač, Milan
Formato: Capítulo de Livro
Idioma:eslovaco
Assuntos:
Tags: Adicionar Tag
Sem tags, seja o primeiro a adicionar uma tag!

MARC

LEADER 00000naa a2200000 4500
001 0141608
005 20240502072535.6
041 0 |a slo 
044 |a SK 
245 1 0 |a Formy vyvlastnenia investícií v doterajšej medzinárodnej aplikačnej praxi s osobitným zameraním na nepriame vyvlastnenie a štátne zásahy regulačného charakteru  |c Milan Budjač 
520 |a Teoretické aspekty vyvlastnenia medzinárodných investícií a jeho atribúty. Trendy vývoja foriem vyvlastnenia v súčasnej medzinárodnej praxi, osobitne, rozlišovanie nepriameho vyvlastnenia a štátnych regulačných zásahov. 
610 2 0 |a vyvlastnenie 
610 2 0 |a investície 
610 2 0 |a regulácia štátna 
610 2 0 |a opatrenia 
610 2 0 |a vláda 
610 2 0 |a právo vlastnícke 
610 2 0 |a právo medzinárodné 
100 1 |a Budjač, Milan